000 00685cam a2200217 4500
001 WB3619-35
008 000000n2000 000 0 eng u
035 _a(Sirsi) u106018
245 _aPushed out of harmony
260 _c2000
490 _aHerald
_v 18 May 2000, 3(1)
520 _aConsiders the costs and effects of the 2000 rating revaluation on non-domestic rate payers throughout Scotland, England and Wales. Efforts to harmonise rates have been dissipated.
590 _aWB
650 _aRATING REVALUATION 2000
650 _aSCOTLAND
650 _aVALUATION METHODS
650 _aENGLAND
650 _aWALES
690 _aRATING AND LOCAL TAXATION
942 _n0
999 _c63498
_d63498